Comida rápida por foto - Estadísticas

Estadísticas generales
  • Esta prueba ha sido intentada 4.649 veces
    4.613 desde el último reinicio
  • La puntuación promedio es 11 de 18
Estadísticas de respuestas
Imagen Respuesta % Correcto
Domino's
98%
McDonald's
96%
Starbucks
96%
Burger King
95%
KFC
95%
Taco Bell
89%
Pizza Hut
85%
Subway
83%
Telepizza
68%
Dunkin'
65%
Popeyes
56%
Pans & Company
49%
Five Guys
31%
Papa Johns
29%
Establiments Viena
27%
100 Montaditos
22%
Pizzerías Carlos
21%
Rodilla
19%
No se encontraron pruebas coincidentes
Distribución de puntuación
Porcentaje de gente con cada puntuación
Porcentaje por número respondido
Historial de tus puntuaciones
No has intentado esta prueba desde el último reinicio